• 首页
  • 本馆介绍
  • 公告通知
  • 最新文献
  • 馆藏检索
  • 电子资源
  • 读者导购
  • 参考咨询
  • 我的图书馆
  • 登录
  • 详细信息显示
  • 放入我的书架
  • 预约/预借图书
  • 作者相关作品
  • 分类相关作品
  • 丛书相关作品
  • 出版社相关作品

书目信息

  • 表格格式
  • 工作单格式
  • 卡片格式
题名:
美国志
    
 
作者: 彼尔斯 , 哈格斯特洛姆 著 ;中国社会科学院美国研究所编译室 译
分册:  
出版信息: 北京   中国社会科学出版社  1987
页数: 1234页
开本: 20cm
丛书名: 美国译丛
单 册:
中图分类: K712.9
科图分类:
主题词: 美国--地方志
电子资源:
ISBN:
000 00929nam2 2200265 45
001 0187017167
005 20041208161404.2
010    @b精装@dCNY9.40
100    @a19960201d1987 em y0chiy0121 ea
101 1  @achi@ceng
102    @aCN@b110000
105    @ay z 000yy
200 10 @a美国志@Amei guo zhi@dThe book america inside 50 states today@e五十州现状@f(美)N.R.彼尔斯,(美)J.哈格斯特洛姆著@F(Mei)N.R.Bi Er Si,(Mei)J.Ha Ge Si Te Luo Mu Zhu@g中国社会科学院美国研究所编译室译
210    @a北京@c中国社会科学出版社@d1987
215    @a1234页@d20cm
225 2  @a美国译丛
410  0 @120010@a美国译丛
606 0  @a美国@x地方志
690    @aK712.9@v3
701  0 @a彼尔斯@4著
701  0 @a哈格斯特洛姆@4著
712 02 @a中国社会科学院美国研究所编译室@4译@Azhong guo she hui ke xue yuan mei guo yan jiu suo bian yi shi
801  0 @aCN@b深圳图书馆@c20041208
801  2 @aCN@bNLC@c20041208
905    @f1@b202724@dK712.9@e15
    
    美国志=The book america inside 50 states today:五十州现状/(美)N.R.彼尔斯,(美)J.哈格斯特洛姆著/中国社会科学院美国研究所编译室译.-北京:中国社会科学出版社,1987
    1234页;20cm.-(美国译丛)
    
    
    ISBN (精装):CNY9.40
    
●
相关链接 在E读中查询图书 在五车中查询图书 在当当中查询图书 在豆瓣中查询图书


正题名:美国志     索取号:K712.9/15         预约/预借

序号 登录号 条形码 馆藏地/架位号 状态 备注
1 0202724   001413116   第二借阅区/ [索取号:K712.9/15] 在馆    
2 0202725   202083191   第二样本阅览室/ [索取号:K712.9/15] 在馆    
唐山师范学院图书馆 欢迎您!
大连网信软件有限公司© 版权所有